000 00316nam a2200133Ia 4500
008 230917s9999||||xx |||||||||||||| ||und||
040 _e146191
_aMAIN
041 _aEnglish
082 _a350.1 S19L
100 _aSahib Singh
245 0 _aLOk padadhi kari tatha vitayo prashasan
300 _a290p. p.
942 _cBK
999 _c96115
_d96115